Sports Quiz

Random Sports Quiz
Score 0/34 Timer 09:00
0 Plays Today
Year Name % Correct
2001Randy Johnson
93%
2002Randy Johnson
93%
2001Roger Clemens
88.2%
2001Curt Schilling
87.1%
2002Curt Schilling
87.1%
2004Curt Schilling
87.1%
2002Pedro Martinez
85.7%
2003Roy Halladay
84%
2008Roy Halladay
84%
2008Cliff Lee
83.5%
2004Johan Santana
82.8%
2000Tom Glavine
80.9%
2007Josh Beckett
79.4%
2005Chris Carpenter
75.6%
2002Barry Zito
74.8%
2008Mike Mussina
72.7%
2003Andy Pettitte
68.8%
Year Name % Correct
2000Tim Hudson
66.8%
2008Brandon Webb
66.4%
2004Roy Oswalt
64.9%
2005Roy Oswalt
64.9%
2001Mark Mulder
62.4%
2002Bartolo Colon
53.5%
2005Bartolo Colon
53.5%
2001Jamie Moyer
46.7%
2003Jaime Moyer
46.7%
2000David Wells
46.5%
2002Derek Lowe
44.8%
2005Dontrelle Willis
44.8%
2003Russ Ortiz
24%
2003Esteban Loaiza
23.9%
2001Matt Morris
23.5%
2000Darryl Kile
18.2%
2001Jon Lieber
17.4%
Remove Ads.
Support Sporcle.
Get the best of Sporcle when you Go Orange. This ad-free experience offers more features, more stats, and more fun while also helping to support Sporcle. Thank you for becoming a member.

You're not logged in!

Compare scores with friends on all Sporcle quizzes.
OR
Log In

Show Comments

Extras

Created Oct 9, 2009SourceReportNominate
Tags:20-Game, 2000, record, Winner

Top Quizzes Today


Score Distribution

Your Account Isn't Verified!

In order to create a playlist on Sporcle, you need to verify the email address you used during registration. Go to your Sporcle Settings to finish the process.

Report this User

Report this user for behavior that violates our Community Guidelines.

Details: